000
00196 a2200097 4500
020
_a
9780874835519
041
_a
eng
100
_a
Lamo- Jimenez, mario
245
_a
The Emerald Lizard
942
_c
BK
999
_c
11607
_d
11607